[Event "SG Bochum 2 - SF Essen-Katernberg  2"]
[Site "NRW-Klasse. Gruppe 2 2017/201"]
[Date "2017.09.17"]
[Round "1.8"]
[White "Butschek, Marc"]
[Black "Mueller-Clostermann, Bruno"]
[Result "0-1"]
[WhiteElo "1974"]
[BlackElo "2013"]
[PlyCount "26"]
[EventDate "2017.??.??"]
[WhiteTeam "SG Bochum 2"]
[BlackTeam "SF Essen-Katernberg  2"]

1. e4 d6 2. Bc4 Nf6 3. d3 c6 4. Bb3 a5 5. c3 e5 6. Nf3 Be7 7. O-O O-O 8. Bg5
Nbd7 9. Nbd2 h6 10. Bh4 Nh5 11. Nxe5 Nxe5 12. Bxe7 Qxe7 13. Qxh5 Bg4 0-1

[Event "SV Kamen 1 - SV Letmathe 1"]
[Site "NRW-Klasse. Gruppe 2 2017/201"]
[Date "2017.09.17"]
[Round "1.1"]
[White "Podzielny, Karl-Heinz"]
[Black "Weidemann, Christian"]
[Result "1-0"]
[WhiteElo "2355"]
[BlackElo "2278"]
[PlyCount "102"]
[EventDate "2017.??.??"]
[WhiteTeam "SV Letmathe 1"]
[BlackTeam "SV Kamen 1"]

1. d4 Nf6 2. Nf3 d5 3. c4 c5 4. dxc5 e6 5. Nc3 Bxc5 6. cxd5 exd5 7. e3 Nc6 8.
a3 a6 9. b4 Bb6 10. Na4 Bc7 11. Bb2 O-O 12. Be2 Qd6 13. Rc1 Rd8 14. Nc5 Ne4 15.
Nd4 Qg6 16. Bf3 Ne5 17. Nd3 Nc4 18. Qe2 Ned2 19. Ba1 Bf5 20. Nxf5 Qxf5 21. Rd1
Nxf3+ 22. gxf3 Rac8 23. Rg1 f6 24. f4 Bb6 25. a4 a5 26. bxa5 Bxa5+ 27. Kf1 Rc6
28. Rg3 Nd6 29. Qg4 Qxg4 30. Rxg4 Ne4 31. f5 Rc2 32. Kg2 Rdc8 33. Bd4 Ra2 34.
Rb1 Rc7 35. Rb5 Rxa4 36. Rxd5 Nc3 37. Rd8+ Kf7 38. Rh4 Re7 39. Ra8 b5 40. Nf4
Bb4 41. Rc8 Re8 42. Rc7+ Re7 43. Rxe7+ Kxe7 44. Rxh7 Kd6 45. Rxg7 Ne4 46. h4
Be1 47. Nd3 Bxf2 48. Kf3 Bxh4 49. Kxe4 Kc6 50. Nf4 b4 51. Nd5 Kb5 1-0

[Event "SV Kamen 1 - SV Letmathe 1"]
[Site "NRW-Klasse. Gruppe 2 2017/201"]
[Date "2017.09.17"]
[Round "1.2"]
[White "Himmel, Hansjoerg"]
[Black "Adamski, Jan"]
[Result "1/2-1/2"]
[WhiteElo "2205"]
[BlackElo "2229"]
[PlyCount "24"]
[EventDate "2017.??.??"]
[WhiteTeam "SV Kamen 1"]
[BlackTeam "SV Letmathe 1"]

1. e4 c5 2. Nf3 a6 3. c4 d6 4. d4 Bg4 5. d5 e5 6. dxe6 fxe6 7. Be2 Nc6 8. Nc3
Be7 9. O-O Bf6 10. Be3 Nge7 11. Ng5 Bxe2 12. Nxe2 Qd7 1/2-1/2

[Event "SV Kamen 1 - SV Letmathe 1"]
[Site "NRW-Klasse. Gruppe 2 2017/201"]
[Date "2017.09.17"]
[Round "1.3"]
[White "Schleining, Zoya"]
[Black "Luetke, Jens"]
[Result "1-0"]
[WhiteElo "2348"]
[BlackElo "2173"]
[PlyCount "109"]
[EventDate "2017.??.??"]
[WhiteTeam "SV Letmathe 1"]
[BlackTeam "SV Kamen 1"]

1. d4 f5 2. g3 Nf6 3. Bg2 e6 4. Nf3 Be7 5. O-O O-O 6. b3 Ne4 7. Bb2 Bf6 8. Nbd2
c5 9. c4 Nc6 10. Rb1 Qa5 11. dxc5 Nc3 12. Bxc3 Bxc3 13. Rc1 Bb4 14. e4 f4 15.
e5 Ba3 16. Rb1 Qxc5 17. Ne4 Qa5 18. Qd3 h6 19. Nf6+ Kf7 20. Nh5 Kg8 21. Nxf4
Rf5 22. Ng6 Bc5 23. Rb2 Qb6 24. Re2 Qc7 25. g4 Rf7 26. g5 b6 27. Qd2 h5 28. Nf4
Bb7 29. Nxh5 Rxf3 30. Bxf3 Nd4 31. Bxb7 Qxb7 32. Re3 Rf8 33. b4 Nf3+ 34. Rxf3
Qxf3 35. Ng3 Be7 36. Qxd7 Bxg5 37. Qxe6+ Kh8 38. Qd5 Qg4 39. Kg2 Rf4 40. f3 Qc8
41. Ne4 Be7 42. c5 bxc5 43. bxc5 Rh4 44. Rf2 Qh3+ 45. Kh1 Rf4 46. e6 Rf5 47.
Qd3 Bxc5 48. Qf1 Qh6 49. Nxc5 Rxc5 50. e7 Re5 51. Re2 Rxe2 52. Qxe2 Qc1+ 53.
Kg2 Qg5+ 54. Kf1 Qc1+ 55. Qe1 1-0

[Event "SV Kamen 1 - SV Letmathe 1"]
[Site "NRW-Klasse. Gruppe 2 2017/201"]
[Date "2017.09.17"]
[Round "1.4"]
[White "Kilian, Ralf"]
[Black "Gruermann, Martin"]
[Result "1/2-1/2"]
[WhiteElo "2126"]
[BlackElo "2201"]
[PlyCount "49"]
[EventDate "2017.??.??"]
[WhiteTeam "SV Kamen 1"]
[BlackTeam "SV Letmathe 1"]

1. e4 c5 2. Nf3 Nf6 3. d3 Nc6 4. g3 g6 5. Bg2 Bg7 6. O-O d5 7. Nbd2 O-O 8. Re1
Qc7 9. c3 Rd8 10. Qc2 b6 11. a4 dxe4 12. dxe4 Ng4 13. Nc4 Ba6 14. Bf1 Qc8 15.
Bf4 e5 16. Bg5 f6 17. Bd2 Qe6 18. b3 Nh6 19. Ne3 Bxf1 20. Rxf1 Nf7 21. Rad1 Nd6
22. Bc1 Rac8 23. Rfe1 Rd7 24. Nd5 Rcd8 25. c4 1/2-1/2

[Event "SV Kamen 1 - SV Letmathe 1"]
[Site "NRW-Klasse. Gruppe 2 2017/201"]
[Date "2017.09.17"]
[Round "1.5"]
[White "Haude, Ruediger"]
[Black "Georg, Felix"]
[Result "1-0"]
[WhiteElo "2044"]
[BlackElo "2024"]
[PlyCount "105"]
[EventDate "2017.??.??"]
[WhiteTeam "SV Letmathe 1"]
[BlackTeam "SV Kamen 1"]

1. d4 Nf6 2. Nf3 g6 3. c4 Bg7 4. Nc3 d5 5. Bg5 Ne4 6. cxd5 Nxg5 7. Nxg5 c6 8.
e3 e6 9. h4 exd5 10. Qf3 O-O 11. Qf4 Bh6 12. Qg3 Qb6 13. O-O-O Bf5 14. Bd3 Bxd3
15. Rxd3 Qd8 16. f4 Qf6 17. e4 Bg7 18. e5 Qf5 19. Qf3 h5 20. Rg1 Na6 21. a3 Nc7
22. g4 hxg4 23. Rxg4 Rfe8 24. Ne2 Ne6 25. Ng3 Nxg5 26. Rxg5 Qh3 27. Rd1 Qd7 28.
Kb1 Bh6 29. Rg4 Kh7 30. Rg1 Rg8 31. f5 Raf8 32. h5 g5 33. f6 c5 34. Nf5 c4 35.
Ne7 b5 36. Nxd5 c3 37. Qe4+ Kh8 38. Nxc3 b4 39. axb4 Rb8 40. d5 Qc7 41. Re1 a5
42. b5 a4 43. Qxa4 Ra8 44. Qb3 Qa7 45. Re2 Qa1+ 46. Kc2 Qf1 47. Qb4 Rgc8 48.
Rc4 Qf5+ 49. Kb3 Re8 50. Rc7 Kg8 51. Qe4 Qf1 52. Rxf7 Kxf7 53. Qg6+ 1-0

[Event "SV Kamen 1 - SV Letmathe 1"]
[Site "NRW-Klasse. Gruppe 2 2017/201"]
[Date "2017.09.17"]
[Round "1.6"]
[White "Kleinegger, Frank"]
[Black "Pfleger, Sascha"]
[Result "0-1"]
[WhiteElo "2100"]
[BlackElo "1998"]
[PlyCount "76"]
[EventDate "2017.??.??"]
[WhiteTeam "SV Kamen 1"]
[BlackTeam "SV Letmathe 1"]

1. Nf3 c5 2. g3 b6 3. c4 Bb7 4. Bg2 Nc6 5. O-O g6 6. e3 Bg7 7. d4 cxd4 8. exd4
Nf6 9. d5 Na5 10. d6 O-O 11. dxe7 Qxe7 12. Re1 Qc5 13. Nc3 Ng4 14. Qc2 Nxc4 15.
h3 Na3 16. Qd2 Nc4 17. Qc2 Nf6 18. b3 Na3 19. Qd2 Nb5 20. Bb2 Nxc3 21. Qxc3
Qxc3 22. Bxc3 Rac8 23. Bd4 Rfe8 24. Red1 Be4 25. Ne5 Bxg2 26. Kxg2 Rc2 27. a4
d6 28. Nc4 Ne4 29. a5 Bxd4 30. Rxd4 bxa5 31. Rxa5 Nxf2 32. Rxa7 Nd3+ 33. Kf3
Ne1+ 34. Kg4 h5+ 35. Kf4 Rf2+ 36. Kg5 Nf3+ 37. Kh6 Nxd4 38. Nxd6 Nf5+ 0-1

[Event "SV Kamen 1 - SV Letmathe 1"]
[Site "NRW-Klasse. Gruppe 2 2017/201"]
[Date "2017.09.17"]
[Round "1.7"]
[White "Hunold, Rolf"]
[Black "Seepe, Udo"]
[Result "1/2-1/2"]
[WhiteElo "1943"]
[BlackElo "2046"]
[PlyCount "89"]
[EventDate "2017.??.??"]
[WhiteTeam "SV Letmathe 1"]
[BlackTeam "SV Kamen 1"]

1. e4 c5 2. Nf3 g6 3. d4 cxd4 4. Nxd4 Nf6 5. Nc3 Nc6 6. Be3 Bg7 7. Be2 O-O 8.
O-O d5 9. exd5 Nxd5 10. Nxd5 Qxd5 11. Bf3 Qa5 12. Nxc6 bxc6 13. c3 Rb8 14. Qc1
c5 15. Rd1 Be6 16. Bd5 Bf5 17. Bc4 Rfd8 18. Rxd8+ Rxd8 19. Qf1 Be5 20. Rd1 Bd6
21. Qe2 Qc7 22. h3 Be4 23. Kf1 Bc6 24. Bg5 Rb8 25. b3 Qb7 26. f3 Bb5 27. Bxb5
Qxb5 28. Qxb5 Rxb5 29. c4 Rb7 30. Ke2 Kf8 31. Kd3 Ke8 32. Kc2 Kd7 33. Be3 Kc6
34. Bd2 Rd7 35. Bc3 e6 36. a3 a6 37. b4 Rb7 38. Rb1 Be7 39. Bd2 Bf8 40. Rb3 Be7
41. Bc3 Bd6 42. Rb1 Be7 43. Kd3 Bd6 44. Ke3 Rb8 45. Kd3 1/2-1/2

[Event "SV Kamen 1 - SV Letmathe 1"]
[Site "NRW-Klasse. Gruppe 2 2017/201"]
[Date "2017.09.17"]
[Round "1.8"]
[White "Georg, Heinz"]
[Black "Schaar, Axel"]
[Result "1-0"]
[WhiteElo "2084"]
[BlackElo "1810"]
[PlyCount "63"]
[EventDate "2017.??.??"]
[WhiteTeam "SV Kamen 1"]
[BlackTeam "SV Letmathe 1"]

1. e4 d5 2. exd5 Qxd5 3. Nf3 Nf6 4. d4 Bg4 5. Be2 c6 6. c4 Qa5+ 7. Nc3 e6 8.
O-O Nbd7 9. h3 Bh5 10. Bf4 Bb4 11. Qb3 O-O 12. Nd1 Ne4 13. a3 Bd6 14. Bxd6 Nxd6
15. c5 Bxf3 16. Bxf3 Nb5 17. Qe3 Nf6 18. a4 Rad8 19. b4 Qa6 20. Be2 Nd5 21. Qc1
Nf4 22. Qxf4 Rxd4 23. Qc1 b6 24. axb5 Qb7 25. Qc3 Rfd8 26. Bf3 Qe7 27. bxc6 Rd3
28. Qe5 f6 29. Qe2 bxc5 30. bxc5 Qxc5 31. Qxe6+ Kh8 32. Re1 1-0

[Event "SVG Plettenberg 1 - SG Ennepe-Ruhr-Süd "]
[Site "NRW-Klasse. Gruppe 2 2017/201"]
[Date "2017.09.17"]
[Round "1.2"]
[White "Haub, Thorsten Michael"]
[Black "Lupor, André"]
[Result "1/2-1/2"]
[WhiteElo "2368"]
[BlackElo "2219"]
[PlyCount "95"]
[EventDate "2017.??.??"]
[WhiteTeam "SVG Plettenberg 1"]
[BlackTeam "SG Ennepe-Ruhr-Süd 1"]

1. Nf3 Nf6 2. g3 g6 3. b4 Bg7 4. Bb2 O-O 5. Bg2 c6 6. c4 d5 7. cxd5 Nxd5 8.
Bxg7 Kxg7 9. Qb3 Qb6 10. a3 a5 11. Nc3 axb4 12. Nxd5 cxd5 13. O-O e6 14. Qxb4
Qxb4 15. axb4 Rxa1 16. Rxa1 Kf6 17. d4 Ke7 18. e3 Kd6 19. Bf1 Bd7 20. Ra8 f6
21. Ne1 Rc8 22. Nd3 b6 23. h4 Nc6 24. Ra1 Rc7 25. Ra6 Rb7 26. f4 Kc7 27. Ra8
Rb8 28. Ra2 Rb7 29. g4 Ra7 30. Rh2 Ra1 31. g5 f5 32. h5 Ne7 33. hxg6 hxg6 34.
Rc2+ Kd8 35. Kf2 Bb5 36. Be2 Bc4 37. Rb2 Ra3 38. Ne5 b5 39. Kf3 Kc7 40. Kf2 Kd8
41. Kf3 Ke8 42. Bd1 Ra1 43. Be2 Kf8 44. Kg3 Ra3 45. Kf2 Ra1 46. Kg3 Ra3 47. Kf2
Ra1 48. Kg3 1/2-1/2

[Event "SVG Plettenberg 1 - SG Ennepe-Ruhr-Süd "]
[Site "NRW-Klasse. Gruppe 2 2017/201"]
[Date "2017.09.17"]
[Round "1.3"]
[White "Arndt, Stefan"]
[Black "Bosch, Jeroen"]
[Result "0-1"]
[WhiteElo "2166"]
[BlackElo "2409"]
[Annotator "Daniel"]
[PlyCount "176"]
[EventDate "2017.??.??"]
[WhiteTeam "SG Ennepe-Ruhr-Süd 1"]
[BlackTeam "SVG Plettenberg 1"]

1. e4 Nc6 2. Nf3 d6 3. d4 Nf6 4. Nc3 g6 5. Be2 Bg7 6. O-O O-O 7. d5 Nb8 8. a4
e5 9. dxe6 Bxe6 10. Nd4 Bd7 11. f4 Nc6 12. Nb3 Re8 13. Bf3 a6 14. Be3 Rb8 15.
Bf2 Qc8 16. h3 b6 17. Qd2 b5 18. axb5 axb5 19. Rae1 b4 20. Nd5 Nxd5 21. exd5
Ne7 22. Nd4 Nf5 23. Nxf5 Bxf5 24. g4 Bd7 25. Rxe8+ Qxe8 26. Re1 $11 Qd8 27. c3
bxc3 28. bxc3 Rb3 29. Rc1 h5 30. Kg2 hxg4 31. hxg4 Qb8 32. Kg3 Rb2 33. Rc2 Rb1
34. Bd4 Qf8 35. Ra2 Rb8 36. Ra7 Rc8 37. Be2 Bxd4 38. Qxd4 Qd8 39. Ra1 Qf8 40.
Ra7 Qe7 41. Ra2 Re8 42. c4 c5 43. dxc6 Bxc6 44. Rd2 Bb7 45. g5 Qe6 46. Qf2 Bc8
47. Bf1 Qg4+ 48. Kh2 Re4 49. Qg3 Qxf4 50. Qxf4 Rxf4 51. Rxd6 Be6 52. Bd3 Rh4+
53. Kg3 Rg4+ 54. Kf3 Rxg5 55. c5 Kf8 56. Rb6 Rxc5 57. Bxg6 Bd5+ 58. Kf4 fxg6
59. Rxg6 Kf7 60. Rb6 Bc6 61. Ra6 Kf6 62. Rb6 Rc4+ 63. Ke3 Ke5 64. Kd3 Bd5 65.
Rh6 Ra4 66. Rh5+ Kd6 67. Rh8 Kc5 68. Ke3 Ra3+ 69. Kf4 Kd4 70. Rd8 Rf3+ 71. Kg4
Rf1 72. Rb8 Be4 73. Rd8+ Ke3 74. Kg5 Rf5+ 75. Kg4 Rf6 76. Re8 Rg6+ 77. Kh5 Rg1
78. Rf8 Bd5 79. Kh6 Ke4 80. Re8+ Kf5 81. Rf8+ Ke5 82. Kh5 Be6 83. Kh6 Bf5 84.
Rb8 Kf4 85. Rb4+ Be4 86. Ra4 Rg6+ 87. Kh5 Rb6 88. Rc4 Rb7 0-1

[Event "SVG Plettenberg 1 - SG Ennepe-Ruhr-Süd "]
[Site "NRW-Klasse. Gruppe 2 2017/201"]
[Date "2017.09.17"]
[Round "1.4"]
[White "Klip, Hans"]
[Black "Tripolsky, Eugen"]
[Result "1-0"]
[WhiteElo "2302"]
[BlackElo "2214"]
[PlyCount "47"]
[EventDate "2017.??.??"]
[WhiteTeam "SVG Plettenberg 1"]
[BlackTeam "SG Ennepe-Ruhr-Süd 1"]

1. e4 c5 2. Nf3 d6 3. Bb5+ Bd7 4. Bxd7+ Nxd7 5. O-O Ngf6 6. Qe2 g6 7. c3 Bg7 8.
d4 cxd4 9. cxd4 d5 10. e5 Ne4 11. Ne1 h6 12. Qb5 e6 13. Qxb7 O-O 14. f3 Rb8 15.
Qa6 Qc7 16. Be3 Nxe5 17. dxe5 Qxe5 18. Nd3 Qh5 19. fxe4 dxe4 20. Nf4 Qg4 21.
Nd2 Rxb2 22. Rab1 g5 23. Rxb2 Bxb2 24. Nh3 1-0

[Event "SVG Plettenberg 1 - SG Ennepe-Ruhr-Süd "]
[Site "NRW-Klasse. Gruppe 2 2017/201"]
[Date "2017.09.17"]
[Round "1.5"]
[White "Osswald, Luis Monty"]
[Black "Schulze, Marc"]
[Result "0-1"]
[WhiteElo "2094"]
[BlackElo "2153"]
[PlyCount "36"]
[EventDate "2017.??.??"]
[WhiteTeam "SG Ennepe-Ruhr-Süd 1"]
[BlackTeam "SVG Plettenberg 1"]

1. e4 c5 2. Nf3 g6 3. d4 cxd4 4. Nxd4 Bg7 5. Nc3 Nc6 6. Be3 Nf6 7. Bc4 Qa5 8.
O-O O-O 9. Bb3 d6 10. h3 Bd7 11. f4 Rac8 12. Nf3 Qh5 13. Qe1 b5 14. Rd1 b4 15.
Nd5 Rfe8 16. f5 gxf5 17. Nf4 Qh6 18. Ne2 Qxe3+ 0-1

[Event "SVG Plettenberg 1 - SG Ennepe-Ruhr-Süd "]
[Site "NRW-Klasse. Gruppe 2 2017/201"]
[Date "2017.09.17"]
[Round "1.6"]
[White "Jansen, Dirk Norbert"]
[Black "Heller, Achim"]
[Result "1/2-1/2"]
[WhiteElo "2142"]
[BlackElo "2055"]
[PlyCount "67"]
[EventDate "2017.??.??"]
[WhiteTeam "SVG Plettenberg 1"]
[BlackTeam "SG Ennepe-Ruhr-Süd 1"]

1. e4 c6 2. Nf3 d5 3. exd5 cxd5 4. Ne5 Nc6 5. d4 a6 6. c3 Nxe5 7. dxe5 Bf5 8.
Bd3 Bxd3 9. Qxd3 e6 10. Be3 Qc7 11. f4 Ne7 12. Nd2 Nf5 13. Bf2 h5 14. Nf3 Be7
15. g3 Rc8 16. O-O-O O-O 17. Kb1 Qc4 18. h3 Qxd3+ 19. Rxd3 Bc5 20. Bxc5 Rxc5
21. Nd2 Rfc8 22. g4 Ne7 23. Nb3 Rc4 24. Nd4 Ng6 25. Rf1 hxg4 26. hxg4 b5 27. a3
a5 28. Re3 b4 29. f5 exf5 30. gxf5 Ne7 31. Nb5 Re4 32. Rxe4 dxe4 33. cxb4 axb4
34. Nd6 1/2-1/2

[Event "SVG Plettenberg 1 - SG Ennepe-Ruhr-Süd "]
[Site "NRW-Klasse. Gruppe 2 2017/201"]
[Date "2017.09.17"]
[Round "1.7"]
[White "Bruchmann, Norbert"]
[Black "Bouaraba, Max"]
[Result "0-1"]
[WhiteElo "1996"]
[BlackElo "2126"]
[PlyCount "112"]
[EventDate "2017.??.??"]
[WhiteTeam "SG Ennepe-Ruhr-Süd 1"]
[BlackTeam "SVG Plettenberg 1"]

1. e4 Nf6 2. e5 Nd5 3. d4 d6 4. Nf3 Bg4 5. Be2 e6 6. c4 Nb6 7. exd6 cxd6 8. h3
Bh5 9. O-O Be7 10. Nc3 O-O 11. b3 Nc6 12. Be3 d5 13. c5 Bxf3 14. Bxf3 Nc8 15.
b4 Bf6 16. b5 Na5 17. Qd3 Ne7 18. Rab1 g6 19. g4 g5 20. h4 gxh4 21. g5 Bg7 22.
Bg4 Nc4 23. f4 f5 24. Bh5 Qc7 25. Kh1 Ng6 26. Bxg6 hxg6 27. Bg1 Rfe8 28. Bh2
Rac8 29. Rfe1 b6 30. c6 Nd6 31. Kg2 Rcd8 32. a4 Ne4 33. Ne2 Kf7 34. Qe3 h3+ 35.
Kxh3 Nxg5+ 36. Kg2 Rh8 37. Bg3 Ne4 38. Rh1 a6 39. Rxh8 Rxh8 40. Rh1 Ra8 41. Be1
axb5 42. axb5 Ra2 43. Kf3 Qa7 44. Bb4 Rb2 45. Qc1 Rxb4 46. c7 Rb3+ 47. Kg2 Qa2
48. Re1 Rg3+ 49. Kh1 Qb3 50. Rf1 Rh3+ 51. Kg2 Rh8 52. Rf3 Qxb5 53. Nc3 Qc4 54.
Qa3 Nxc3 55. Rxc3 Qe2+ 56. Kg1 Bxd4+ 0-1

[Event "SVG Plettenberg 1 - SG Ennepe-Ruhr-Süd "]
[Site "NRW-Klasse. Gruppe 2 2017/201"]
[Date "2017.09.17"]
[Round "1.8"]
[White "Kuhnen, Thomas"]
[Black "Schaefer, Martin"]
[Result "1-0"]
[WhiteElo "2012"]
[BlackElo "1926"]
[PlyCount "93"]
[EventDate "2017.??.??"]
[WhiteTeam "SVG Plettenberg 1"]
[BlackTeam "SG Ennepe-Ruhr-Süd 1"]

1. d4 f5 2. c4 d6 3. Nc3 Nf6 4. Nf3 g6 5. g3 Bg7 6. Bg2 O-O 7. O-O c6 8. Rb1 a5
9. Qc2 Qc7 10. Rd1 Na6 11. a3 e5 12. c5 e4 13. cxd6 Qxd6 14. Bf4 Qe7 15. Ne5
Be6 16. Bg5 Nc7 17. Na4 Bd5 18. Nb6 Rad8 19. b4 Nb5 20. Nec4 axb4 21. axb4 Qe6
22. e3 h6 23. Bxf6 Rxf6 24. Ra1 Bf8 25. Rdb1 g5 26. Nxd5 cxd5 27. Ne5 Rc8 28.
Qd2 Bd6 29. Rc1 Rff8 30. Bf1 Nc7 31. Ra7 Rb8 32. Qe2 Bxe5 33. dxe5 Qxe5 34. Qh5
Kg7 35. h4 Ne6 36. Be2 Rf7 37. Ra5 Qd6 38. Rd1 Qxb4 39. Raxd5 Qf8 40. Rd6 Re8
41. Bc4 Rf6 42. Bxe6 gxh4 43. Rd7+ Kh8 44. Bf7 hxg3 45. Bxe8 f4 46. Bg6 gxf2+
47. Kf1 1-0

[Event "SV Letmathe 1 - SVG Plettenberg 1"]
[Site "NRW-Klasse. Gruppe 2 2017/201"]
[Date "2017.10.15"]
[Round "2.1"]
[White "Haub, Thorsten Michael"]
[Black "Kolosowski, Mateusz"]
[Result "1/2-1/2"]
[WhiteElo "2368"]
[BlackElo "2434"]
[PlyCount "48"]
[EventDate "2017.??.??"]
[WhiteTeam "SVG Plettenberg 1"]
[BlackTeam "SV Letmathe 1"]

1. Nf3 Nf6 2. g3 g6 3. b4 Bg7 4. Bb2 d5 5. Bg2 c6 6. a4 O-O 7. O-O Re8 8. d3
Qd6 9. Qe1 e5 10. e4 Bg4 11. Ba3 Nbd7 12. Nbd2 h6 13. h3 Be6 14. Qb1 Qc7 15.
Rc1 a5 16. b5 dxe4 17. dxe4 Nb6 18. c4 c5 19. Bb2 Nh7 20. Bf1 Bc8 21. Ra3 Nf8
22. Qa1 Nbd7 23. Nb1 Ne6 24. Nc3 Nd4 1/2-1/2

[Event "SV Letmathe 1 - SVG Plettenberg 1"]
[Site "NRW-Klasse. Gruppe 2 2017/201"]
[Date "2017.10.15"]
[Round "2.2"]
[White "Podzielny, Karl-Heinz"]
[Black "Bosch, Jeroen"]
[Result "0-1"]
[WhiteElo "2355"]
[BlackElo "2409"]
[PlyCount "98"]
[EventDate "2017.??.??"]
[WhiteTeam "SV Letmathe 1"]
[BlackTeam "SVG Plettenberg 1"]

1. d4 d5 2. Nf3 Nf6 3. c4 e6 4. Nc3 Be7 5. Bg5 O-O 6. Qc2 Nbd7 7. e3 c5 8. cxd5
Nxd5 9. Bxe7 Qxe7 10. Nxd5 exd5 11. Rc1 c4 12. g3 b5 13. Bg2 Nb6 14. O-O Bb7
15. h4 Rad8 16. Ng5 g6 17. Rfe1 Bc8 18. Qd2 f6 19. Nh3 Bxh3 20. Bxh3 b4 21. b3
f5 22. Bg2 a5 23. bxc4 dxc4 24. e4 c3 25. Qd3 fxe4 26. Rxe4 Qf7 27. Rc2 Nc4 28.
Rf4 Qc7 29. Rxf8+ Kxf8 30. h5 Qf7 31. d5 Nd2 32. Rc1 gxh5 33. Qa6 Kg7 34. Qxa5
Rf8 35. Qc5 h4 36. gxh4 Nf3+ 37. Bxf3 Qxf3 38. Qe7+ Rf7 39. Qg5+ Kh8 40. Qe3
Rg7+ 41. Kf1 Qxd5 42. Re1 c2 43. Ke2 Rg6 44. Qe8+ Kg7 45. Qe7+ Kh6 46. Qf8+ Kh5
47. Qf3+ Qxf3+ 48. Kxf3 Rf6+ 49. Kg3 Ra6 0-1

[Event "SV Letmathe 1 - SVG Plettenberg 1"]
[Site "NRW-Klasse. Gruppe 2 2017/201"]
[Date "2017.10.15"]
[Round "2.3"]
[White "Klip, Hans"]
[Black "Adamski, Jan"]
[Result "0-1"]
[WhiteElo "2302"]
[BlackElo "2229"]
[Annotator "Daniel"]
[PlyCount "68"]
[EventDate "2017.??.??"]
[WhiteTeam "SVG Plettenberg 1"]
[BlackTeam "SV Letmathe 1"]

1. e4 c5 2. Nf3 a6 3. c3 g6 4. d4 cxd4 5. cxd4 d5 6. exd5 Nf6 7. Nc3 Bg7 8. Qb3
Nbd7 9. Be2 Nb6 10. Ne5 Nfxd5 11. Bf3 Be6 12. Nxd5 Bxd5 13. Bxd5 Nxd5 14. Qxb7
O-O 15. O-O Qd6 16. Nc4 Qe6 17. Ne3 Rfd8 18. Nxd5 Qxd5 19. Qxe7 Bxd4 20. Qa3
Qb5 $11 21. Qf3 Rac8 22. Rb1 Rc2 23. g3 Qc4 24. b3 Bxf2+ 25. Rxf2 Rxf2 26. Qxf2
Rd1+ 27. Kg2 Qe4+ 28. Kh3 Qxb1 29. Bf4 Qf5+ 30. Kg2 Qe4+ 31. Kh3 Rd5 32. g4 h5
33. gxh5 Rf5 34. Qb6 Qf3+ 0-1

[Event "SV Letmathe 1 - SVG Plettenberg 1"]
[Site "NRW-Klasse. Gruppe 2 2017/201"]
[Date "2017.10.15"]
[Round "2.4"]
[White "Schleining, Zoya"]
[Black "Schulze, Marc"]
[Result "1-0"]
[WhiteElo "2348"]
[BlackElo "2153"]
[Annotator "Daniel"]
[PlyCount "131"]
[EventDate "2017.??.??"]
[WhiteTeam "SV Letmathe 1"]
[BlackTeam "SVG Plettenberg 1"]

1. d4 Nf6 2. Nf3 d6 3. c4 Nbd7 4. Nc3 e5 5. e4 Be7 6. Be2 O-O 7. O-O c6 8. Be3
a6 9. d5 Qc7 10. Nd2 Re8 11. Rc1 h6 12. b4 c5 13. a3 b6 14. Qa4 Nh7 15. Qc6 Ra7
16. bxc5 bxc5 17. Qxc7 Rxc7 18. Rb1 Rb7 19. Nb3 Bd8 20. Bg4 Bc7 21. f3 Rb8 22.
Na4 Nhf6 23. Bf5 Nb6 24. Nxb6 Rxb6 25. Bxc8 Rxc8 26. Nd2 Rcb8 27. Kf2 Nd7 28.
Ke2 Kf8 29. Kd3 Ke7 30. Rxb6 Rxb6 31. Kc2 Rb8 32. g4 Ba5 33. Nb3 Bc7 34. h4 a5
35. Rb1 a4 36. Nd2 Rxb1 37. Nxb1 Ba5 38. h5 Kf6 39. Kd3 Be1 40. Ke2 Ba5 41. Kd3
Be1 42. Bc1 Ba5 43. Nd2 Bxd2 44. Bxd2 Ke7 45. Bc1 $11 Nf6 46. Bd2 Ng8 47. Be1
g6 48. Bh4+ Kf8 49. Ke3 Kg7 50. Bd8 Nf6 51. Be7 Ne8 52. f4 f6 53. hxg6 Kxg6 54.
Kf3 Kf7 55. Bd8 Ng7 56. f5 Ne8 $11 57. Kg3 Kg7 58. Kh4 Kh7 59. Be7 Kg7 60. Kh5
Kh7 61. Bf8 Ng7+ 62. Kh4 Ne8 63. Kg3 h5 64. gxh5 Kg8 65. Be7 Kf7 66. h6 1-0

[Event "SV Letmathe 1 - SVG Plettenberg 1"]
[Site "NRW-Klasse. Gruppe 2 2017/201"]
[Date "2017.10.15"]
[Round "2.5"]
[White "Pieper, Dawid"]
[Black "Soukup, Jiri"]
[Result "1/2-1/2"]
[WhiteElo "2147"]
[BlackElo "2355"]
[PlyCount "55"]
[EventDate "2017.??.??"]
[WhiteTeam "SVG Plettenberg 1"]
[BlackTeam "SV Letmathe 1"]

1. e4 c5 2. Nf3 e6 3. d3 d5 4. Qe2 Be7 5. g3 Nf6 6. Bg2 O-O 7. O-O Nc6 8. e5
Nd7 9. c4 d4 10. h4 Qc7 11. Bf4 a6 12. Nbd2 b5 13. b3 Bb7 14. Rfe1 Nb4 15. Nf1
bxc4 16. bxc4 Nb6 17. a3 Nc6 18. N1h2 Na4 19. Ng5 Nc3 20. Qh5 Bxg5 21. hxg5 Ne7
22. Be4 Bxe4 23. dxe4 Qc6 24. Ng4 Kh8 25. Kh2 Ng6 26. f3 Rab8 27. Rh1 Ne2 28.
Bc1 1/2-1/2

[Event "SV Letmathe 1 - SVG Plettenberg 1"]
[Site "NRW-Klasse. Gruppe 2 2017/201"]
[Date "2017.10.15"]
[Round "2.6"]
[White "Gruermann, Martin"]
[Black "Jansen, Dirk Norbert"]
[Result "1-0"]
[WhiteElo "2201"]
[BlackElo "2142"]
[PlyCount "33"]
[EventDate "2017.??.??"]
[WhiteTeam "SV Letmathe 1"]
[BlackTeam "SVG Plettenberg 1"]

1. e4 e6 2. d4 d5 3. Nc3 Nf6 4. Bg5 Bb4 5. exd5 Qxd5 6. Bxf6 gxf6 7. Nf3 Rg8 8.
Qd3 f5 9. O-O-O Bxc3 10. Qxc3 c6 11. Bc4 Qd8 12. Rhe1 Bd7 13. d5 cxd5 14. Bxd5
Qc8 15. Qf6 Nc6 16. Bxc6 Bxc6 17. Ng5 1-0

[Event "SV Letmathe 1 - SVG Plettenberg 1"]
[Site "NRW-Klasse. Gruppe 2 2017/201"]
[Date "2017.10.15"]
[Round "2.7"]
[White "Bouaraba, Max"]
[Black "Pfleger, Sascha"]
[Result "0-1"]
[WhiteElo "2126"]
[BlackElo "1998"]
[PlyCount "72"]
[EventDate "2017.??.??"]
[WhiteTeam "SVG Plettenberg 1"]
[BlackTeam "SV Letmathe 1"]

1. d4 c5 2. c3 e6 3. Nf3 b6 4. e4 cxd4 5. cxd4 Nf6 6. Bd3 Bb4+ 7. Bd2 Qe7 8.
O-O Bxd2 9. Nbxd2 O-O 10. Rc1 Nc6 11. Qe2 Nb4 12. Bc4 d5 13. exd5 Nbxd5 14. Ne5
Bb7 15. f4 Qd6 16. Ba6 Bxa6 17. Qxa6 Qb4 18. Nb3 Qe7 19. a3 Ne3 20. Rf3 Nfd5
21. Nd2 Nf5 22. Nc6 Qc7 23. Nb3 Qd6 24. Ne5 Nfe7 25. g3 Rfd8 26. Nc4 Qb8 27.
Ne5 Rc8 28. Rff1 Nc7 29. Qe2 Qb7 30. Qh5 g6 31. Qg5 Ncd5 32. Ng4 Nf5 33. Rce1
Rc2 34. Rf2 Rxf2 35. Nxf2 Nde3 36. d5 Qxd5 0-1

[Event "SF Essen-Katernberg  2 - SV Kamen 1"]
[Site "NRW-Klasse. Gruppe 2 2017/201"]
[Date "2017.10.15"]
[Round "2.1"]
[White "Weidemann, Christian"]
[Black "Bee, Marcus"]
[Result "1/2-1/2"]
[WhiteElo "2278"]
[BlackElo "2110"]
[PlyCount "30"]
[EventDate "2017.??.??"]
[WhiteTeam "SV Kamen 1"]
[BlackTeam "SF Essen-Katernberg  2"]

1. d4 d5 2. Nf3 c5 3. e3 Nc6 4. c3 e6 5. Nbd2 f5 6. Ne5 Nf6 7. f4 Be7 8. Bd3
O-O 9. O-O Bd7 10. Ndf3 Be8 11. Ng5 Bd7 12. Bd2 Nxe5 13. fxe5 Ne4 14. Nxe4 fxe4
15. Rxf8+ Bxf8 1/2-1/2

[Event "SF Essen-Katernberg  2 - SV Kamen 1"]
[Site "NRW-Klasse. Gruppe 2 2017/201"]
[Date "2017.10.15"]
[Round "2.2"]
[White "Gassmann, Volker"]
[Black "Himmel, Hansjoerg"]
[Result "0-1"]
[WhiteElo "2095"]
[BlackElo "2205"]
[PlyCount "80"]
[EventDate "2017.??.??"]
[WhiteTeam "SF Essen-Katernberg  2"]
[BlackTeam "SV Kamen 1"]

1. d4 e6 2. c4 b6 3. Nc3 Bb7 4. Nf3 Bb4 5. Qb3 Bxc3+ 6. Qxc3 Nf6 7. e3 d6 8. b3
Nbd7 9. Bb2 Ne4 10. Qc2 O-O 11. Bd3 f5 12. O-O Rf6 13. Ne1 Rh6 14. f3 Qh4 15.
h3 Ng5 16. Rf2 Qg3 17. Kf1 Rf8 18. Rd1 Rhf6 19. d5 e5 20. f4 Ne4 21. Bxe4 fxe4
22. Qxe4 Nc5 23. Qf3 Qg6 24. Qg4 Qe4 25. Bc1 Bc8 26. Qf3 Qg6 27. Rb2 h5 28. Rc2
Bf5 29. Rb2 Ne4 30. Kg1 Bd7 31. Kh2 Bg4 32. hxg4 hxg4 33. Qxe4 Qxe4 34. Nd3
Rh6+ 35. Kg3 Rh3+ 36. Kf2 g3+ 37. Kg1 Rh2 38. Ne1 exf4 39. exf4 Re8 40. Nf3 Qh7
0-1